The phoenix in the sky: (Record no. 181961)

MARC details
000 -LEADER
fixed length control field 00648nam a22001937a 4500
005 - DATE AND TIME OF LATEST TRANSACTION
control field 20211012113132.0
010 ## - LCCN (DPL NO)
LC control number B-741749
020 ## - INTERNATIONAL STANDARD BOOK NUMBER
Terms of availability 299.00
International Standard Book Number 9789389253610
035 ## - SYSTEM CONTROL NUMBER
System control number B-741749
037 ## - SOURCE OF ACQUISITION
Source of stock number/acquisition Gift
082 ## - DEWEY DECIMAL CLASSIFICATION NUMBER
Classification number S
100 ## - MAIN ENTRY--PERSONAL NAME
Personal name Ananthakrishnan,Indira
245 ## - TITLE STATEMENT
Title The phoenix in the sky:
Remainder of title Tales of wonder and wisdom from world religions /
Statement of responsibility, etc Indira Ananthakrishnan
260 ## - PUBLICATION, DISTRIBUTION, ETC. (IMPRINT)
Place of publication, distribution, etc Gurugram
Name of publisher, distributor, etc Hachette Book Publishing
Date of publication, distribution, etc 2020
270 ## - ADDRESS
Address 4th and 5th Floors, Corporate Centre, Plot No.94
City Gurugram
Postal code 122003
300 ## - PHYSICAL DESCRIPTION
Extent 170 p.
Dimensions 21cm(pbk)
Other physical details ill
942 ## - ADDED ENTRY ELEMENTS (KOHA)
Source of classification or shelving scheme Dewey Decimal Classification
Item type Children Books
Classification part S
Call number suffix ANA
Holdings
Withdrawn status Lost status Not for loan Collection code Home library Current library Date acquired Source of acquisition Cost, normal purchase price Full call number Barcode Copy number Cost, replacement price Koha item type Public note
      Fiction Ashok Vihar Ashok Vihar 12/10/2021 Gift/4.10.2021 299.00 S ANA B-741749 1 299.00 Children Books Gift

© Delhi Public Library
Hit Counter
free hit counter